[Event "Winterthur op-B 12th"]
[Site "Winterthur"]
[Date "2012.10.11"]
[Round "5"]
[White "Poun, Kirivongkat"]
[Black "Leuenberger, Urs"]
[Result "1-0"]
[WhiteElo "1941"]
[BlackElo "2018"]
[PlyCount "101"]
[EventDate "2012.10.06"]
[EventType "swiss"]
[EventRounds "9"]
[EventCountry "SUI"]
[SourceTitle "EXT 2015"]
[Source "ChessBase"]
[SourceDate "2014.11.20"]
[SourceVersion "1"]
[SourceVersionDate "2014.11.20"]
[SourceQuality "1"]

1. c4 Nf6 2. d4 e6 3. Nc3 Bb4 4. a3 Bxc3+ 5. bxc3 b6 6. Nf3 Bb7 7. Bg5 h6 8. Bc1 d6 9. e3 Nbd7 10. Be2 Qe7 11. a4 a5 12. Ba3 Ne4 13. Qc2 f5 14. 0-0 0-0 15. Ne1 e5 16. Rb1 Ng5 17. Nd3 Be4 18. f3 Bxd3 19. Qxd3 e4 20. Qd2 exf3 21. Bxf3 Ne4 22. Qc2 Rae8 23. Bh5 Rd8 24. Rbe1 Qg5 25. Bf3 Ndf6 26. Bc1 Rde8 27. Re2 Ng4 28. c5 dxc5 29. dxc5 Nxc5 30. Bc6 Re7 31. e4 f4 32. g3 Ne3 33. Qa2+ Kh8 34. Bxe3 Ne6 35. Bd4 Rd8 36. Qd2 Nxd4 37. cxd4 Qg6 38. d5 fxg3 39. hxg3 Rxe4 40. Rxe4 Qxe4 41. Qf4 Qe7 42. Qf7 Qe3+ 43. Kg2 Qe2+ 44. Rf2 Qe4+ 45. Kh2 Qe3 46. Qf3 Qg5 47. Re2 Qg6 48. Bb5 Qd6 49. Bd3 Qf6 50. Qe4 Kg8 51. Qh7+ 1-0

[Event "Zuerich op-B 26th"]
[Site "Zuerich"]
[Date "2002.??.??"]
[Round "1"]
[White "Lorbe, Markus"]
[Black "Poun, Kirivongkat"]
[Result "1/2-1/2"]
[WhiteElo "1702"]
[BlackElo "1933"]
[PlyCount "121"]
[EventDate "2002.12.26"]
[EventType "swiss"]
[EventRounds "7"]
[EventCountry "SUI"]
[SourceTitle "EXT 2019"]
[Source "ChessBase"]
[SourceDate "2018.10.10"]
[SourceVersion "1"]
[SourceVersionDate "2018.10.10"]
[SourceQuality "1"]

1. e4 e6 2. d4 d5 3. e5 c5 4. c3 Nc6 5. Nf3 Qb6 6. Bd3 cxd4 7. cxd4 Nb4 8. Be2 Bd7 9. a3 Nc6 10. Nc3 a6 11. 0-0 Nge7 12. b4 Ng6 13. Be3 Be7 14. Rb1 Qc7 15. Qd2 b5 16. Rfc1 Qd8 17. Bd3 0-0 18. Ne2 Na7 19. g3 Nc8 20. Ne1 Nb6 21. Ng2 Nc4 22. Bxc4 bxc4 23. Qc3 Bb5 24. f4 a5 25. Bd2 axb4 26. axb4 Ra4 27. Qc2 Qb6 28. Rb2 Rfa8 29. Rcb1 Bf8 30. Bc3 Ne7 31. Qd2 Nc6 32. Ne3 g6 33. Ng4 Bg7 34. Ne3 h5 35. h3 Bf8 36. Kg2 Ra1 37. Nc2 Rxb1 38. Rxb1 Ra2 39. Nc1 Ra4 40. Ne2 Na7 41. g4 hxg4 42. hxg4 Bd7 43. g5 Nb5 44. Rb2 Nc7 45. Ng3 Ra7 46. Nf1 Ba4 47. Nfe3 Bb3 48. Ng4 Bg7 49. Nf6+ Bxf6 50. gxf6 Bxc2 51. Qxc2 Nb5 52. Qd2 Ra3 53. f5 Qd8 54. fxg6 fxg6 55. Qh6 Qd7 56. Qxg6+ Kf8 57. Qh6+ Kg8 58. Qg6+ Kf8 59. Qh6+ Kg8 60. Qg6+ Kf8 61. Qh6+ 1/2-1/2

[Event "Zuerich op-B 25th"]
[Site "Zuerich"]
[Date "2001.??.??"]
[Round "7"]
[White "Schwammberger, Eugen"]
[Black "Poun, Kirivongkat"]
[Result "0-1"]
[WhiteElo "1989"]
[BlackElo "1856"]
[PlyCount "132"]
[EventDate "2001.12.26"]
[EventType "swiss"]
[EventRounds "7"]
[EventCountry "SUI"]
[SourceTitle "EXT 2019"]
[Source "ChessBase"]
[SourceDate "2018.10.10"]
[SourceVersion "1"]
[SourceVersionDate "2018.10.10"]
[SourceQuality "1"]

1. d4 e6 2. Nf3 Nf6 3. g3 b6 4. Bg2 Bb7 5. 0-0 Be7 6. c4 0-0 7. Nc3 d6 8. Re1 Ne4 9. Qc2 f5 10. Nd2 d5 11. f3 Nxd2 12. Bxd2 dxc4 13. Be3 Bd5 14. Bf2 Bb4 15. e4 fxe4 16. fxe4 Bc6 17. Rad1 Qe7 18. d5 Be8 19. Re2 Bc5 20. e5 Rxf2 21. Rxf2 Bg6 22. d6 cxd6 23. exd6 Qd7 24. Ne4 Bxf2+ 25. Qxf2 Nc6 26. Qe2 Bxe4 27. Qxe4 Rc8 28. Qxc4 Ne5 29. Qe4 Ng6 30. Qb7 Qxb7 31. Bxb7 Rd8 32. d7 Kf8 33. Bc8 Ke7 34. Rc1 Kd6 35. Rc3 Ne5 36. Bb7 Rxd7 37. Be4 h6 38. Rc8 Rc7 39. Rg8 Ng4 40. Rh8 Ke5 41. Bg6 Re7 42. Rd8 Nf6 43. Kf2 Rd7 44. Rxd7 Nxd7 45. Ke3 Nf6 46. h3 Nd5+ 47. Kd3 Nb4+ 48. Kc4 Nxa2 49. Kb5 Kd6 50. h4 Nc1 51. g4 Nb3 52. Ka6 Nc5+ 53. Kxa7 Kc7 54. b4 Nd7 55. g5 hxg5 56. hxg5 Ne5 57. Be4 Nc6+ 58. Ka6 Nxb4+ 59. Kb5 Nd5 60. Kc4 Kd6 61. Kd4 e5+ 62. Kc4 b5+ 63. Kd3 Kc5 64. Bf3 b4 65. Bd1 e4+ 66. Kd2 Kd4 0-1